000 00703cam a22002413a 4500
001 42375
003 PGUSA
005 20140828083947.0
008 130319s2013||||xxu|||||s|||||000 | eng d
040 _aPGUSA
_beng
042 _adc
050 4 _aE011
100 1 _aO'Neale, Lila M.
_q(Lila Morris),
_d1886-1948
245 1 0 _aChincha Plain-weave cloths
_h[electronic resource] /
_cLila M. O'Neale
260 _bProject Gutenberg,
_c2013
506 _aPublic domain in the USA.
516 _aElectronic text
653 _aTextile fabrics -- Peru
653 _aIndian textile fabrics -- Peru
830 0 _aProject Gutenberg
_v42375
856 4 0 _uhttp://www.gutenberg.org/ebooks/42375
942 _cEB
999 _c271627
_d271627